1526 1850 1625 1814 1963 1744 1548 1885 1134 1142 1323 1304 1970 1394 1620 1717 1801 1456 1760 1658 1005 1799 1238 1393 1549 1920 1187 1492 1502 1862 1385 1269 1144 1613 1995 1626 1673 1554 1107 1284 1482 1528 1427 1826 1906 1051 1265 1478 1045 1313 1361 1041 1363 1945 1542 1126 1432 1694 1674 1790 1206 1871 1162 1882 1439 1248 1134 1835 1886 1968 1008 1452 1748 1300 1666 1001 1932 1344 1221 1302 1421 1461 1841 1052 1074 1153 1114 1524 1751 1284 1915 1288 1158 1940 1859 1039 1792 1835 1796 BCNSPRNW ULIB Ver.6.0+V

เปลี่ยนเป็นภาษาไทย

Change to English
 แสดงรายละเอียดบรรณานุกรม
  กลับหน้าหลัก

Brief Record : Get Marc (ISO 2709) : E-mail record : QR code < ปิดหน้าต่าง
LEADER : 00000nam 2200000uu 4500
001    13399124997
003     ULIB
008    160527s2557||||th 000 0 tha d
020    ^a9789744227201
060 04 ^aWS200 ส367ต
100 0  ^aสุทธิพงษ์ ปังคานนท์
245 10 ^aตำราประกอบภาพ โรคทางพันธุกรรมและความพิการแต่กำเนิดที่พบบ่อย =^bColor atlas of common genetic disorders and congenital malformations /^cสุทธิพงษ์ ปังคานนท์
250    ^aพิมพ์ครั้งที่ 1
260    ^aกรุงเทพฯ :^bสถาบันสุขภาพเด็กแห่งชาติมหาราชินี กรมการแพทย์; ,^c2557
300    ^av,292 หน้า :^bภาพประกอบ ;^c27 ซม.
650  4 ^aโรคพันธุกรรม
650  0 ^aความพิการแต่กำเนิด
650  0 ^aวิทยาศาสตร์พื้นฐาน
945    ^p650^l0^i23727
945    ^p650^l0^i23728
945    ^p650^l0^i23729
999    ^aทศพร เกษรทอง
รายการนี้ยังไม่มีแท็ก
คุณยังไม่ได้ล็อกอิน คุณสามารถมีกิจกรรมร่วมกับเว็บไซต์ได้ แต่ต้องล็อกอินก่อน ::
  ล็อกอิน

รายการสื่อสารสนเทศ

ลำดับที่ ประเภท เลขเรียก/บาร์โค้ด สถานที่ สถานะ
1. วิทยาศาสตร์การแพทย์ และสุขภาพ
วิทยาศาสตร์การแพทย์ และสุขภาพ
สถานะ=หนังสือเก่า
WS200 ส367ต ฉ.1 
  Barcode: 23727
ห้องสมุดวิทยาเขตนครสวรรค์
►ส่วนจัดเก็บหนังสือเก่า นว.
บนชั้น
  ขอยืม
2. วิทยาศาสตร์การแพทย์ และสุขภาพ
วิทยาศาสตร์การแพทย์ และสุขภาพ
สถานะ=หนังสือเก่า
WS200 ส367ต ฉ.2 
  Barcode: 23728
ห้องสมุดวิทยาเขตนครสวรรค์
►ส่วนจัดเก็บหนังสือเก่า นว.
บนชั้น
  ขอยืม
3. วิทยาศาสตร์การแพทย์ และสุขภาพ
วิทยาศาสตร์การแพทย์ และสุขภาพ
สถานะ=หนังสือเก่า
WS200 ส367ต ฉ.3 
  Barcode: 23729
ห้องสมุดวิทยาเขตนครสวรรค์
►ส่วนจัดเก็บหนังสือเก่า นว.
บนชั้น
  ขอยืม

รายการใกล้เคียง
    ผู้แต่ง [สุทธิพงษ์ ปังคานนท์]

    หัวเรื่อง [โรคพันธุกรรม]
    หัวเรื่อง [ความพิการแต่กำเนิด]
    หัวเรื่อง [วิทยาศาสตร์พื้นฐาน]

BibComment


ยังไม่เคยถูกคอมเมนท์

คอมเมนท์ทรัพยากรรายการนี้
  คอมเมนท์: ตำราประกอบภาพ โร..


 Copyright 2026. Bcnsprnw @Library